| 000 | 01643nam a2200373Ia 4500 | ||
|---|---|---|---|
| 001 | ebr10141097 | ||
| 003 | CaPaEBR | ||
| 006 | m u | ||
| 007 | cr cn||||||||| | ||
| 008 | 051013s2006 ohu sb 000 0 eng d | ||
| 010 | _z 2005030022 | ||
| 015 |
_aGBA590607 _2bnb |
||
| 020 | _z089680450X | ||
| 020 | _z0896802469 (alk. paper) | ||
| 040 |
_aCaPaEBR _cCaPaEBR |
||
| 035 | _a(OCoLC)228167571 | ||
| 050 | 1 | 4 |
_aPN2904.5.K66 _bC64 2006eb |
| 100 | 1 | _aCohen, Matthew Isaac. | |
| 245 | 1 | 0 |
_aKomedie Stamboel _h[electronic resource] : _bpopular theater in colonial Indonesia, 1891-1903 / _cMatthew Isaac Cohen. |
| 246 | 3 | 0 | _aPopular theater in colonial Indonesia, 1891-1903 |
| 260 |
_aAthens : _bOhio University Press, _cc2006. |
||
| 300 | _axviii, 473 p. | ||
| 490 | 1 |
_aOhio University research in international studies. Southeast Asia series ; _vno. 112 |
|
| 504 | _aIncludes bibliographical references (p. [455]-459). | ||
| 533 |
_aElectronic reproduction. _bPalo Alto, Calif. : _cebrary, _d2009. _nAvailable via World Wide Web. _nAccess may be limited to ebrary affiliated libraries. |
||
| 610 | 2 | 0 |
_aKomedie Stamboel (Theater company) _xHistory. |
| 650 | 0 |
_aKomedi stambul _zIndonesia _zSurabaya. |
|
| 650 | 0 |
_aIndonesian drama (Comedy) _xHistory and criticism. |
|
| 650 | 0 |
_aTheater and society _zIndonesia _xHistory _y19th century. |
|
| 655 | 7 |
_aElectronic books. _2local |
|
| 710 | 2 | _aebrary, Inc. | |
| 830 | 0 |
_aResearch in international studies. _pSoutheast Asia series ; _vno. 112. |
|
| 856 | 4 | 0 |
_uhttp://site.ebrary.com/lib/rucke/Doc?id=10141097 _zAn electronic book accessible through the World Wide Web; click to view |
| 999 |
_c84026 _d84026 |
||